000 00667nam a2200205Ia 4500
005 20240530110939.0
008 140319s1980 xx 000 0 ara d
040 _aGCL /
_cGCL
082 0 4 _a410 /
_bل م
100 1 _aلويس عوض
245 1 0 _aمقدمة فى فقه اللغة العربية /
_cلويس عوض
260 _aالقاهرة :
_bالهيئة المصرية العامة للكتاب،
_c1980
300 _a655 ص ؛
_c24 سم
650 0 4 _aاللغة العربية
650 0 4 _aفقه اللغة
650 0 4 _aالثقافة
650 0 4 _aلويس عوض
942 _2ddc
_cBK
999 _c66795
_d66795